INCLUSIÒNN POLÌTICA Y GOBIERNO DEMOCRÀTICO (Registro nro. 60904)
[ vista simple ]
| 000 -CABECERA | |
|---|---|
| Campo de control interno | nam a22 7a 4500 |
| 005 - FECHA Y HORA DE LA CATALOGACION | |
| Campo de control | 20210518162347.0 |
| 008 - ELEMENTOS DE LONGITUD FIJA - INFORMACION | |
| Elementos de Longitud Fija - Informaci | 210518b xxu||||| |||| 00| 0 eng d |
| 040 ## - ORIGEN DE LA CATALOGACION | |
| Origen de la Catalogación | ANE |
| 041 ## - CODIGO DE LENGUAJE | |
| Código de lenguaje del texto | Es |
| 100 ## - AUTOR PERSONAL | |
| Autor Personal | Julián Gaviria Mira |
| 245 ## - TÍTULO GENERAL | |
| Título | INCLUSIÒNN POLÌTICA Y GOBIERNO DEMOCRÀTICO |
| 300 ## - DESCRIPCION | |
| Número de páginas | 446 p. |
| 856 ## - URL - Ubicaci | |
| URI/URL | http://documentacion.asambleanacional.gob.ec/alfresco/d/d/workspace/SpacesStore/77b470fd-d000-4843-8858-23f448dfd910/TESIS%20INCLUSI%c3%92NN%20POL%c3%8cTICA%20Y%20GOBIERNO%20DEMOCR%c3%80TICO.pdf |
| 942 ## - ELEMENTOS DE KOHA | |
| Esquema de Clasificaci | |
| Tipo de Documento | Biblioteca Virtual |
| Catalogador | Nr. |
| Withdrawn status | Lost status | Fuente de Clasificaci | Damaged status | Not for loan | Ubicaci | Biblioteca | Fecha de Adquisición | Vía de adquisición | Signatura Topogr | Código de barras | Date last seen | Price effective from | Tipo de Item |
|---|---|---|---|---|---|---|---|---|---|---|---|---|---|
| Biblioteca Asamblea Nacional | Biblioteca Asamblea Nacional | 2021-05-18 | Donación | Tesis | 43764 | 2021-05-18 | 2021-05-18 | Biblioteca Virtual |